000 00498nam a2200169 i 4500
001 90992
003 ES-MaACL
005 20250626063146.0
007 t|
008 050126s1941 sp ||||1| spa d
100 1 _aLeón, Ricardo,
_d1877-1943
_971597
245 1 0 _aCristo en los infiernos
_b: novela /
_cRicardo León.
260 _aMadrid :
_bVictoriano Suárez,
_c1941 (
_fRivadeneyra)
300 _a575 p. ;
_c20 cm.
852 _aES-MaACL
_jF-5131
_bR.20346
999 _c90992
_d90992